000 00579nam a2200181Ia 4500
008 100921s9999 xx 000 0 und d
082 _b26045
_a891.463 थ 93
100 _aजागीरदार मंदाकिनी.
245 _aतरंग.
260 _bकौस्तुभ प्रकाशन,नागपूर.
_c1993
300 _a75
_bरसिक साहित्य,पुणे
365 _b40
520 _aललित-कथा.
630 _aतरंग.
650 _aललित-कथा.
730 _aतरंग.
942 _cBOOK
999 _c775158
_d775155